Фильтрация охладителя в пористых элементах при умеренных числах Рейнольдса; Теплофизика и гидродинамика технологических процессов

Podrobná bibliografie
Parent link:Теплофизика и гидродинамика технологических процессов.— 1989.— С. 92-98.
Hlavní autor: Борзых В. Э. Владимир Эрнестович
Jazyk:ruština
Vydáno: 1989
Témata:
Médium: MixedMaterials Kapitola
KOHA link:https://koha.lib.tpu.ru/cgi-bin/koha/opac-detail.pl?biblionumber=95812

MARC

LEADER 00000naa2a2200000 4500
001 95812
005 20231031110302.0
035 |a (RuTPU)RU\TPU\book\102576 
090 |a 95812 
100 |a 20060504d1989 k y0rusy50 ca 
101 0 |a rus 
102 |a RU 
200 1 |a Фильтрация охладителя в пористых элементах при умеренных числах Рейнольдса  |f В. Э. Борзых 
320 |a Библиогр.: 4 назв. 
463 0 |0 (RuTPU)RU\TPU\book\102191  |t Теплофизика и гидродинамика технологических процессов  |o межвузовский научно-технический сборник  |f Томский политехнический институт; под ред. М. И. Шиляева  |v С. 92-98.  |d 1989  |p 164 с. 
610 1 |a гидродинамика 
610 1 |a охладители 
610 1 |a фильтрация 
610 1 |a пористые матрицы 
610 1 |a тепловая защита 
610 1 |a малые числа Рейнольдса 
610 1 |a проницаемость 
610 1 |a интегральные характеристики 
610 1 |a газопроницаемость 
610 1 |a пористое охлаждение 
610 1 |a вдув 
610 1 |a труды учёных ТПУ 
675 |a 629.7.01.11  |v 3 
700 1 |a Борзых  |b В. Э.  |g Владимир Эрнестович 
801 1 |a RU  |b 63413507  |c 20060504  |g PSBO 
801 2 |a RU  |b 63413507  |c 20090429  |g PSBO 
942 |c BK